000 00831nam a2200181 i 4500
001 162681
003 ES-MaACL
005 20230906212559.0
008 050616s1873 sp |||| | spa d
040 _aCAM
_bspa
_cCAM
100 1 _aPuente y Brañas, Ricardo.
_994166
245 1 0 _aPuente y Brañas, Ricardo
_b: zarzuela en tres actos /
_carreglada en verso á la escena española y a lamúsica del maestro Lecoq por Ricardo Puente y Brañas.
260 _aMadrid :
_b[s.n.],
_c1873 (
_eMadrid :
_fImprenta de José Rodriguez)
300 _a93 p. ;
_c19 cm.
500 _aEstrenada en el Teatro de la Zarzuela, la noche del 6 de diciembre de 1873.
852 _aES-MaACL
_jF-2488(1)
_z-- Enc. hol.
_z-- Legado M. de la Fuente
_q-- Falto de la cub. original
_z-- Enc. con otras obras formando una col. facticia
999 _c162681
_d162681